Từ điển Hán - Việt : Khoảng 18000 từ /

Gorde:
Xehetasun bibliografikoak
Egile nagusia: Lê Đức Niệm
Formatua: Sách giấy
Hizkuntza:Korean
Vietnamese
Argitaratua: Hà Nội : Văn hoá, 2001
Etiketak: Etiketa erantsi
Etiketarik gabe, Izan zaitez lehena erregistro honi etiketa jartzen!
Thư viện lưu trữ: Thư viện Trường Đại học Đà Lạt
LEADER 00604nam a2200253 4500
001 DLU020019538
005 ##1/15/2002
020 # # |a 978- 
041 # # |a kor  |a vie 
082 # # |a 495.139 592 2  |b LE-N 
100 # # |a Lê Đức Niệm 
245 # # |a Từ điển Hán - Việt :  |b Khoảng 18000 từ /  |c Lê Đức Niệm 
260 # # |a Hà Nội :  |b Văn hoá,  |c 2001 
300 # # |a 475 tr.;   |c 15 cm. 
992 # # |a 50000 
994 # # |a DLU 
998 # # |a TK 
900 # # |a False 
911 # # |a Administrator 
925 # # |a G 
926 # # |a A 
927 # # |a SH 
980 # # |a Thư viện Trường Đại học Đà Lạt